<?xml version="1.0" encoding="UTF-8"?>
<record
    xmlns:xsi="http://www.w3.org/2001/XMLSchema-instance"
    xsi:schemaLocation="http://www.loc.gov/MARC21/slim http://www.loc.gov/standards/marcxml/schema/MARC21slim.xsd"
    xmlns="http://www.loc.gov/MARC21/slim">

  <leader>01356nam a2200277 i 4500</leader>
  <controlfield tag="005">20230108165842.0</controlfield>
  <controlfield tag="008">230105t20222022-uk||||g |||| 00| f eng d</controlfield>
  <datafield tag="020" ind1=" " ind2=" ">
    <subfield code="a">9781529176704</subfield>
    <subfield code="c">RM51.95</subfield>
    <subfield code="q">paperback</subfield>
  </datafield>
  <datafield tag="040" ind1=" " ind2=" ">
    <subfield code="a">PPAK</subfield>
    <subfield code="b">eng</subfield>
    <subfield code="c">PPAK</subfield>
    <subfield code="e">rda</subfield>
  </datafield>
  <datafield tag="082" ind1="0" ind2="4">
    <subfield code="2">23</subfield>
    <subfield code="a">823.92</subfield>
  </datafield>
  <datafield tag="090" ind1="0" ind2="0">
    <subfield code="a">823.92</subfield>
    <subfield code="b">HOU </subfield>
    <subfield code="d">G</subfield>
  </datafield>
  <datafield tag="100" ind1="1" ind2=" ">
    <subfield code="a">Houghton, Emily, </subfield>
    <subfield code="e">author. </subfield>
  </datafield>
  <datafield tag="245" ind1="1" ind2="0">
    <subfield code="a">LAST TIME WE MET / </subfield>
    <subfield code="c">Emily Houghton</subfield>
  </datafield>
  <datafield tag="264" ind1=" " ind2="1">
    <subfield code="a">London, United Kingdom :</subfield>
    <subfield code="b">PENGUIN BOOKS, </subfield>
    <subfield code="c">2022</subfield>
  </datafield>
  <datafield tag="264" ind1=" " ind2="4">
    <subfield code="c">&#xA9;2022</subfield>
  </datafield>
  <datafield tag="300" ind1=" " ind2=" ">
    <subfield code="a">408 pages ; </subfield>
    <subfield code="c">20 cm</subfield>
  </datafield>
  <datafield tag="336" ind1=" " ind2=" ">
    <subfield code="a">text</subfield>
    <subfield code="2">rdacontent</subfield>
  </datafield>
  <datafield tag="337" ind1=" " ind2=" ">
    <subfield code="a">unmediated</subfield>
    <subfield code="2">rdamedia</subfield>
  </datafield>
  <datafield tag="338" ind1=" " ind2=" ">
    <subfield code="a">volume</subfield>
    <subfield code="2">rdacarrier</subfield>
  </datafield>
  <datafield tag="520" ind1=" " ind2=" ">
    <subfield code="a">One promise. Best friends Eleanor and Fin are inseparable. They are convinced that it will always be this way. But to be sure, they make a pact to keep their lives intertwined. And of course, they'll get married if they're both 35 and single. Two decades. Eleanor and Fin haven't spoken in fifteen years. They live on different continents, but more than an ocean separates them. Everything has changed since the last time they met. Can they still keep their word? So, when newly single Fin reappears, there's no way they can keep their promise. Is there?</subfield>
  </datafield>
  <datafield tag="650" ind1="1" ind2="0">
    <subfield code="a">Man-woman relationships </subfield>
    <subfield code="v">Fiction</subfield>
  </datafield>
  <datafield tag="650" ind1="2" ind2="0">
    <subfield code="a">Promises </subfield>
    <subfield code="v">Fiction</subfield>
  </datafield>
  <datafield tag="650" ind1="2" ind2="0">
    <subfield code="a">Friendship</subfield>
    <subfield code="v">Fiction</subfield>
  </datafield>
  <datafield tag="650" ind1="2" ind2="0">
    <subfield code="a">Romance fiction</subfield>
  </datafield>
  <datafield tag="942" ind1=" " ind2=" ">
    <subfield code="2">ddc</subfield>
    <subfield code="c">B</subfield>
  </datafield>
  <datafield tag="999" ind1=" " ind2=" ">
    <subfield code="c">191005</subfield>
    <subfield code="d">191005</subfield>
  </datafield>
  <datafield tag="952" ind1=" " ind2=" ">
    <subfield code="0">0</subfield>
    <subfield code="7">0</subfield>
    <subfield code="b">PPAK</subfield>
    <subfield code="c">G</subfield>
    <subfield code="d">2023-02-09</subfield>
    <subfield code="l">5</subfield>
    <subfield code="m">1</subfield>
    <subfield code="o">823.92 HOU </subfield>
    <subfield code="p">A01768914</subfield>
    <subfield code="r">2025-09-08 16:25:42</subfield>
    <subfield code="s">2025-08-28</subfield>
    <subfield code="y">B</subfield>
  </datafield>
  <datafield tag="952" ind1=" " ind2=" ">
    <subfield code="0">0</subfield>
    <subfield code="7">0</subfield>
    <subfield code="b">SP</subfield>
    <subfield code="c">G</subfield>
    <subfield code="d">2023-02-09</subfield>
    <subfield code="l">2</subfield>
    <subfield code="o">823.92 HOU </subfield>
    <subfield code="p">A01768915</subfield>
    <subfield code="r">2024-01-08 14:20:45</subfield>
    <subfield code="s">2023-12-17</subfield>
    <subfield code="y">B</subfield>
  </datafield>
  <datafield tag="952" ind1=" " ind2=" ">
    <subfield code="0">0</subfield>
    <subfield code="7">0</subfield>
    <subfield code="b">JT</subfield>
    <subfield code="c">G</subfield>
    <subfield code="d">2023-02-09</subfield>
    <subfield code="l">3</subfield>
    <subfield code="m">1</subfield>
    <subfield code="o">823.92 HOU </subfield>
    <subfield code="p">A01768916</subfield>
    <subfield code="r">2026-02-11 12:07:05</subfield>
    <subfield code="s">2025-12-21</subfield>
    <subfield code="y">B</subfield>
  </datafield>
  <datafield tag="952" ind1=" " ind2=" ">
    <subfield code="0">0</subfield>
    <subfield code="7">0</subfield>
    <subfield code="b">LW</subfield>
    <subfield code="c">G</subfield>
    <subfield code="d">2023-02-09</subfield>
    <subfield code="l">2</subfield>
    <subfield code="o">823.92 HOU </subfield>
    <subfield code="p">A01768917</subfield>
    <subfield code="r">2023-12-06 16:23:14</subfield>
    <subfield code="s">2023-11-27</subfield>
    <subfield code="y">B</subfield>
  </datafield>
  <datafield tag="952" ind1=" " ind2=" ">
    <subfield code="0">0</subfield>
    <subfield code="7">0</subfield>
    <subfield code="b">KM</subfield>
    <subfield code="c">G</subfield>
    <subfield code="d">2023-02-09</subfield>
    <subfield code="l">3</subfield>
    <subfield code="o">823.92 HOU </subfield>
    <subfield code="p">A01768918</subfield>
    <subfield code="q">2024-06-19</subfield>
    <subfield code="r">2024-05-28 16:28:54</subfield>
    <subfield code="s">2024-05-28</subfield>
    <subfield code="y">B</subfield>
  </datafield>
</record>
